Exploring current practices in cosmetic development and safety : hearing of the Committee on Health, Education, Labor, and Pensions, United States Senate, One Hundred Fourteenth Congress, second session, on examining exploring current practices in cosmetic development and safety, including S.1014, to amend the Federal Food, Drug, and Cosmetic Act to ensure the safety of cosmetics, September 22, 2016.

Bibliographic Details
Corporate Author: United States. Congress. Senate. Committee on Health, Education, Labor, and Pensions (Author)
Format: Government Document eBook
Language:English
Published: Washington : U.S. Government Publishing Office, 2018.
Series:S. hrg. ; 114-804
Subjects:
Online Access:https://purl.fdlp.gov/GPO/gpo113214

MARC

Tag First Indicator Second Indicator Subfields
LEADER 00000cam a2200000 i 4500
001 in00004052913
005 20200511085039.0
006 m o d f
007 cr bn||||a||||
008 181214s2018 dcua ob f000 0 eng c
035 |a (OCoLC)on1078951315 
042 |a pcc 
043 |a n-us--- 
040 |a GPO  |b eng  |e rda  |e pn  |c GPO  |d MERUC  |d OCLCF  |d IAD  |d OCLCO  |d UPM  |d GPO  |d MvI 
049 |a WWW 
050 4 |a KF26  |b .L27 2016k 
074 |a 1043-C (online) 
086 0 |a Y 4.L 11/4:S.HRG.114-804 
110 1 |a United States.  |b Congress.  |b Senate.  |b Committee on Health, Education, Labor, and Pensions,  |e author. 
245 1 0 |a Exploring current practices in cosmetic development and safety :  |b hearing of the Committee on Health, Education, Labor, and Pensions, United States Senate, One Hundred Fourteenth Congress, second session, on examining exploring current practices in cosmetic development and safety, including S.1014, to amend the Federal Food, Drug, and Cosmetic Act to ensure the safety of cosmetics, September 22, 2016. 
264 1 |a Washington :  |b U.S. Government Publishing Office,  |c 2018. 
300 |a 1 online resource (iv, 75 pages) :  |b illustrations. 
336 |a text  |b txt  |2 rdacontent 
337 |a computer  |b c  |2 rdamedia 
338 |a online resource  |b cr  |2 rdacarrier 
490 1 |a S. hrg. ;  |v 114-804 
504 |a Includes bibliographical references. 
588 |a Description based on online resource; title from PDF title page (govinfo web site, viewed on December 14, 2018). 
610 1 0 |a United States.  |b Food and Drug Administration  |x Rules and practice. 
610 1 7 |a United States.  |b Food and Drug Administration.  |2 fast  |0 (OCoLC)fst00549734 
650 0 |a Cosmetics  |z United States  |x Safety measures. 
650 0 |a Cosmetics industry  |x Government policy  |z United States. 
650 0 |a Cosmetics  |x Safety regulations  |z United States. 
650 0 |a Cosmetics  |x Toxicology  |z United States. 
650 7 |a Cosmetics  |x Safety measures.  |2 fast  |0 (OCoLC)fst00880522 
650 7 |a Cosmetics  |x Safety regulations.  |2 fast  |0 (OCoLC)fst00880523 
650 7 |a Cosmetics  |x Toxicology.  |2 fast  |0 (OCoLC)fst00880529 
651 7 |a United States.  |2 fast  |0 (OCoLC)fst01204155 
655 7 |a Legislative hearings.  |2 fast  |0 (OCoLC)fst01910825 
655 7 |a Rules.  |2 fast  |0 (OCoLC)fst01423857 
655 7 |a Legislative hearings.  |2 lcgft 
776 0 8 |i Print version:  |a United States. Congress. Senate. Committee on Health, Education, Labor, and Pensions.  |t Exploring current practices in cosmetic development and safety  |w (OCoLC)1078951468 
776 0 8 |i Microfiche version:  |a United States. Congress. Senate. Committee on Health, Education, Labor, and Pensions.  |t Exploring current practices in cosmetic development and safety  |w (OCoLC)1151883849 
810 1 |a United States.  |b Congress.  |b Senate.  |t S. hrg. ;  |v 114-804. 
856 4 0 |u https://purl.fdlp.gov/GPO/gpo113214  |t 0 
999 f f |s 75c38b63-3def-3c99-a8a5-6170015db485  |i b3a63b35-08a4-311f-b629-c14d28b4b369  |t 0 
952 f f |a Texas A&M University  |b College Station  |c Electronic Resources  |d Available Online  |t 0  |e Y 4.L 11/4:S.HRG.114-804  |h Superintendent of Documents classification 
998 f f |a Y 4.L 11/4:S.HRG.114-804  |t 0  |l Available Online